Jet Lag Trivia S1-9 - Statistics

General Stats
  • This quiz has been taken 290 times
    135 since last reset
  • The average score is 14 of 20
Answer Stats
Question Answer % Correct
What is the name of the super-high speed train network in Japan? Shinkansen
96%
Where has both Seasons of Jet Lag's Tag Eur It game started? Charleville
95%
Who was the guest on Season 1 and 4 of Jet Lag? Brian
93%
In Season 5, What did Toby give as a gift to Sam when hiking? a berry that "may or may not be poisonous"
91%
In Season 6, how many rounds of Capture the Flag did there end up being? 4
90%
In Season 2, what country did Ben and Adam build their go-kart? Italy
88%
Before the seekers guessed Ben's location, what was the name of the city they kept going back to? Zug
87%
What is Michelle's new Zodiac related mini-show called? The Zodiac Zone
85%
In Season 4, What was the name of the pawn shop in Camden, NJ that Ben and Adam sold their fake ring to? E & B Pawn Brokers
82%
Who won Season 3 of Jet Lag? Adam
79%
In Season 7, where did Adam's ferry to Borkum leave from? Emden
78%
In Season 8, What ticket gets Ben and Adam their ticket to Denver? Do A Mile Drunk (Not High)
77%
In Season 9, what was the very non-touristy city that was guessed by the seekers early on? Winterthur
64%
Where did Ben and Adam make their delicious sandwich in Season 5? Kaitaia
63%
In Season 8, Which of these challenges were NOT completed in Seattle? Do A Milkie-Walkie
60%
In Season 7, where was Sam's end location? Jersey
52%
In Season 4, In what state did Sam and Brian see an eagle? Massachusetts
49%
For all the Nebula subs (if you don't have Nebula just guess): What is the weirdly named hotel in Adam's first hiding location? Hotel Pension Egg
42%
How long was Adam's first run (approx.)? 4 hours
36%
In Season 2, what airline did Sam and Joseph fly on from Cancun to Amsterdam? TUI
31%
No matching quizzes found
Score Distribution
Percent of People with Each Score
Percentile by Number Answered
Your Score History
You have not taken this quiz since the last reset